Methanol oxidation process on the silver block catalysts; Reaction kinetics and catalysis letters; Vol. 52, № 2

書誌詳細
Parent link:Reaction kinetics and catalysis letters.— , 1974-
Vol. 52, № 2.— 1994.— P. 429-435
第一著者: Pestryakov A. N. Aleksey Nikolaevich
その他の著者: Devochkin A. N.
要約:By means of physico-chemical and structural-mechanical characteristics optimization a new type of silver catalyst has been worked out, viz. a porous metal block with cellular structure (foam silver). Activity and selectivity of the foam silver catalyst have been investigated in selective methanol oxidation.
В фонде НТБ ТПУ отсутствует
言語:英語
出版事項: 1994
主題:
フォーマット: 図書の章
KOHA link:https://koha.lib.tpu.ru/cgi-bin/koha/opac-detail.pl?biblionumber=599025

MARC

LEADER 00000naa0a2200000 4500
001 599025
005 20250411085559.0
035 |a (RuTPU)RU\TPU\tpu\22853 
035 |a RU\TPU\tpu\22852 
090 |a 599025 
100 |a 20130318d1994 k||y0rusy50 ba 
101 0 |a eng 
102 |a HU 
200 1 |a Methanol oxidation process on the silver block catalysts  |f A. N. Pestryakov, A. N. Devochkin 
320 |a References: p. 435 (4 tit.) 
330 |a By means of physico-chemical and structural-mechanical characteristics optimization a new type of silver catalyst has been worked out, viz. a porous metal block with cellular structure (foam silver). Activity and selectivity of the foam silver catalyst have been investigated in selective methanol oxidation. 
333 |a В фонде НТБ ТПУ отсутствует 
461 |t Reaction kinetics and catalysis letters  |d 1974- 
463 |t Vol. 52, № 2  |v P. 429-435  |d 1994 
610 1 |a труды учёных ТПУ 
700 1 |a Pestryakov  |b A. N.  |c Chemist  |c Professor of Tomsk Polytechnic University, Doctor of Chemical Science  |f 1963-  |g Aleksey Nikolaevich  |3 (RuTPU)RU\TPU\pers\30471  |9 14796 
701 1 |a Devochkin  |b A. N. 
801 1 |a RU  |b 63413507  |c 20130226 
801 2 |a RU  |b 63413507  |c 20130321  |g RCR 
942 |c CR